00462 2200169 4500245006800000250001100068100001400079700002400093700002100117650002100138005001900159260006400178041001400242084001000256300001700266336000900283 aMatematika Ada di Mana-Mana 1 (Tingkat Sedang)cSuman DashText aCet. 1 aSuman Das aAyun Sekar widowati aDessy Listyarini aCerita Bergambar a20241001110137 aJakarta TimurbBadan Pengembangan dan Pembinan Bahasac2022 aIndonesia a741.5 a8 hlm :cpdf atext